| 000 | 00567nam a2200181Ia 4500 | ||
|---|---|---|---|
| 008 | 240729s9999 xx 000 0 und d | ||
| 022 | _a2214-6245 | ||
| 245 | 0 | _aJournal of Clinical and Translational Endocrinology Case Reports | |
| 260 | _aUnited States | ||
| 260 | _bElsevier | ||
| 650 | _a Diseases of the endocrine glands. Clinical endocrinology | ||
| 650 | _a Internal medicine | ||
| 650 | _a Specialties of internal medicine | ||
| 650 | _aMedicine | ||
| 856 | _uhttps://doaj.org/toc/e2e4440c419d47c59bf5b0c1cf6863a9 | ||
| 942 | _2ddc | ||
| 942 | _cDOAJEJ | ||
| 999 |
_c72763 _d72763 |
||
| 945 |
_a1 _bMadushi Gamage _c1 _dMadushi Gamage |
||